000 00382nam a2200157Ia 4500
003 0STCL
008 150530s9999 xx 000 0 und d
040 _aSTCL
_cSTCL
100 _aLambert,R.D Ed.
245 _aAnnals of the American Academy of Political and Social Science
260 _c1975
546 _aEnglish
942 _2ddc
_cBK
999 _c7028
_d7028
005 20220125165442.0